<?xml version="1.0" encoding="UTF-8"?>
<record
    xmlns:xsi="http://www.w3.org/2001/XMLSchema-instance"
    xsi:schemaLocation="http://www.loc.gov/MARC21/slim http://www.loc.gov/standards/marcxml/schema/MARC21slim.xsd"
    xmlns="http://www.loc.gov/MARC21/slim">

  <leader>05448cam a22004574a 4500</leader>
  <datafield tag="999" ind1=" " ind2=" ">
    <subfield code="c">29201</subfield>
    <subfield code="d">29172</subfield>
  </datafield>
  <controlfield tag="001">14167176</controlfield>
  <controlfield tag="003">EG-ScBUE</controlfield>
  <controlfield tag="005">20210621124418.0</controlfield>
  <controlfield tag="008">051108s2007    mauaf  f b    001 0 eng d</controlfield>
  <datafield tag="020" ind1=" " ind2=" ">
    <subfield code="a">1405133554 (hardback : alk. paper)</subfield>
  </datafield>
  <datafield tag="020" ind1=" " ind2=" ">
    <subfield code="a">9781405133555 (hardback : alk. paper)</subfield>
  </datafield>
  <datafield tag="035" ind1=" " ind2=" ">
    <subfield code="a">(OCoLC)ocm62290537</subfield>
  </datafield>
  <datafield tag="035" ind1=" " ind2=" ">
    <subfield code="a">(OCoLC)62290537</subfield>
  </datafield>
  <datafield tag="040" ind1=" " ind2=" ">
    <subfield code="a">DNLM/DLC</subfield>
    <subfield code="b">eng</subfield>
    <subfield code="e">rda</subfield>
    <subfield code="c">DLC</subfield>
    <subfield code="d">NLM</subfield>
    <subfield code="d">BAKER</subfield>
    <subfield code="d">BTCTA</subfield>
    <subfield code="d">C#P</subfield>
    <subfield code="d">YDXCP</subfield>
    <subfield code="d">MUQ</subfield>
    <subfield code="d">DLC</subfield>
    <subfield code="d">EG-ScBUE</subfield>
  </datafield>
  <datafield tag="082" ind1="0" ind2="4">
    <subfield code="a">618</subfield>
    <subfield code="b">DEW</subfield>
    <subfield code="2">22</subfield>
  </datafield>
  <datafield tag="245" ind1="0" ind2="0">
    <subfield code="a">Dewhurst's textbook of obstetrics &amp; gynaecology /</subfield>
    <subfield code="c">edited by D. Keith Edmonds, consultant obstetrician and gynaecologist, Queen Charlotte's and Chelsea Hospital, Goldhawk Road, London, UK.</subfield>
  </datafield>
  <datafield tag="246" ind1="3" ind2=" ">
    <subfield code="a">Dewhurst's textbook of obstetrics and gynaecology</subfield>
  </datafield>
  <datafield tag="246" ind1="3" ind2="0">
    <subfield code="a">Textbook of obstetrics and gynaecology</subfield>
  </datafield>
  <datafield tag="250" ind1=" " ind2=" ">
    <subfield code="a">Seventh edition,</subfield>
    <subfield code="b">international edition.</subfield>
  </datafield>
  <datafield tag="264" ind1=" " ind2="1">
    <subfield code="a">Maiden, Massachusetts :</subfield>
    <subfield code="b">Blackwell Publishing,</subfield>
    <subfield code="c">2007.</subfield>
  </datafield>
  <datafield tag="300" ind1=" " ind2=" ">
    <subfield code="a">xiii, 717 pages, [15] pages of plates :</subfield>
    <subfield code="b">illustrations (some colpor) ;</subfield>
    <subfield code="c">29 cm</subfield>
  </datafield>
  <datafield tag="336" ind1=" " ind2=" ">
    <subfield code="2">rdacontent</subfield>
    <subfield code="a">text</subfield>
    <subfield code="b">txt</subfield>
  </datafield>
  <datafield tag="337" ind1=" " ind2=" ">
    <subfield code="2">rdamedia</subfield>
    <subfield code="a">unmediated</subfield>
    <subfield code="b">n</subfield>
  </datafield>
  <datafield tag="338" ind1=" " ind2=" ">
    <subfield code="2">rdacarrier</subfield>
    <subfield code="a">volume</subfield>
    <subfield code="b">nc</subfield>
  </datafield>
  <datafield tag="500" ind1=" " ind2=" ">
    <subfield code="a">Rev. ed. of: Dewhurst's textbook of obstetrics and gynaecology for postgraduates. 6th ed. 1999.</subfield>
  </datafield>
  <datafield tag="504" ind1=" " ind2=" ">
    <subfield code="a">Includes bibliographical references and index.</subfield>
  </datafield>
  <datafield tag="505" ind1="0" ind2=" ">
    <subfield code="a">Clinical anatomy of the pelvis and reproductive tract / Alan Farthing -- Maternal physiology / Fiona Broughton-Pipkin -- The placenta and fetal membranes / Berthold Huppertz and John C.P. Kingdom -- Normal fetal growth / Jason Gardosi -- Pre-conception counselling / Andrew McCarthy -- Antenatal care / Timothy G. Overton -- Normal labour / A.A. Calder -- Fetal monitoring during labour / James A. Low -- Analgesia and anaesthesia / John A. Crowhurst -- Puerperium and lactation / D. Keith Edmonds -- Neonatal care for obstetricians / M.A. Thomson and A.D. Edwards -- Spontaneous miscarriage / Joanne Topping and Roy G. Farquarson -- Recurrent miscarriage / Raj Rai -- Ectopic pregnancy / Davor Jurkovic -- Trophoblast disease / Philip Savage and Michael Seckl -- Prenatal diagnosis and genetics / Sailesh Kumar -- Fetal medicine in clinical practice / R.C. Wimalasundera -- Obstetric emergencies / Sara Paterson-Brown -- Disorders of fetal growth and assessment of fetal well-being / G.C.S. Smith and C.C. Lees -- Multiple pregnancy / Nicholas M. Fisk -- Preterm labour / Philip Bennett -- Prolonged pregnancy / Patricia Crowley -- Induction and augmentation of labour / G. Justus Hofmeyr -- Malpresentation, malposition, cephalopelvic disproportion and obstetric procedures / S. Arulkumaran -- Hypertensive disorders / Andrew Shennan -- Heart disease in pregnancy / Catherine Nelson-Piercy -- Diabetes and endocrine disease in pregnancy / Anne Dornhorst and Catherine Williamson -- Renal disease / John Davison -- Haematological problems in pregnancy / P. Clark, A.J. Thomson and I.A. Greer -- Miscellaneous medical disorders / Andrew McCarthy -- Obstetric statistics / Jim G. Thornton -- Contraception / Anna Glasier -- Termination of pregnancy / Gillian Flett and Allen Templeton -- Normal and abnormal development of the genital tract / D. Keith Edmonds -- The menstrual cycle / William L. Ledger -- The role of ultrasound in gynaecology / Joanne Topping -- Gynaecological disorders of childhood and adolescence / D. Keith Edmonds -- Primary amenorrhoea / D. Keith Edmonds -- Polycystic ovarian syndrome and secondary amenorrhoea / Adam H. Balen -- Menstrual problems: menorrhagia and primary dysmenorrhoea / Margaret C.P. Rees -- Premenstrual syndrome / P.M.S. O'Brien -- Pelvic infection / Jonathan D.C. Ross and Peter Stewart -- Chronic pelvic pain / R. William Stones -- Endometriosis / Stephen Kennedy and Philippe Koninckx -- Infertility / Siladitya Bhattacharya -- Assisted reproduction / Geoffrey Trew -- Menopause and the postmenopausal woman / Nick Panay -- Pelvic floor dysfunction I: uterovaginal prolapse / Anthony R.B. Smith -- Urninary incontinence / D. Robinson and L. Cardozo -- Hysteroscopy and laparoscopy / Adam Magos -- Benign disease of the vulva / Richard Staughton -- Malignant disease of the vulva and vagina / David M. Luesley -- Benign diseases of the vagina, cervix and ovary / D. Keith Edmonds -- Premalignant and malignant disease of the cervix / Mahmood I. Shafi -- Epithelial ovarian cancer / Hani Gabra -- Benign disease of the uterus / Mary Ann Lumsden -- Cancer of the uterine corpus / Henry C. Kitchener -- Sexual dysfunction / Fran Reader -- Ethical dilemmas in obstetrics and gynaecology / Gordon M. Stirrat -- The law and the obstetrician and gynaecologist / Bertie Leigh -- Domestic violence and sexual assault / Maureen Dalton.</subfield>
  </datafield>
  <datafield tag="650" ind1=" " ind2="7">
    <subfield code="a">Gynecology.</subfield>
    <subfield code="2">BUEsh</subfield>
  </datafield>
  <datafield tag="650" ind1=" " ind2="7">
    <subfield code="a">Obstetrics.</subfield>
    <subfield code="2">BUEsh</subfield>
  </datafield>
  <datafield tag="653" ind1=" " ind2=" ">
    <subfield code="b">GGEN</subfield>
    <subfield code="c">June2021</subfield>
  </datafield>
  <datafield tag="655" ind1=" " ind2=" ">
    <subfield code="v">Reading book</subfield>
    <subfield code="9">34232</subfield>
  </datafield>
  <datafield tag="700" ind1="1" ind2=" ">
    <subfield code="a">Edmonds, D. Keith,</subfield>
    <subfield code="e">editor.</subfield>
  </datafield>
  <datafield tag="700" ind1="1" ind2=" ">
    <subfield code="a">Dewhurst, John,</subfield>
    <subfield code="c">Sir,</subfield>
    <subfield code="d">1920-</subfield>
    <subfield code="e">editor.</subfield>
  </datafield>
  <datafield tag="730" ind1="0" ind2=" ">
    <subfield code="a">Dewhurst's textbook of obstetrics and gynaecology for postgraduates.</subfield>
  </datafield>
  <datafield tag="856" ind1="4" ind2="1">
    <subfield code="3">Table of contents only</subfield>
    <subfield code="u">http://www.loc.gov/catdir/toc/ecip063/2005032517.html</subfield>
  </datafield>
  <datafield tag="856" ind1="4" ind2="2">
    <subfield code="3">Contributor biographical information</subfield>
    <subfield code="u">http://www.loc.gov/catdir/enhancements/fy0827/2005032517-b.html</subfield>
  </datafield>
  <datafield tag="856" ind1="4" ind2="2">
    <subfield code="3">Publisher description</subfield>
    <subfield code="u">http://www.loc.gov/catdir/enhancements/fy0827/2005032517-d.html</subfield>
  </datafield>
  <datafield tag="906" ind1=" " ind2=" ">
    <subfield code="a">7</subfield>
    <subfield code="b">cbc</subfield>
    <subfield code="c">orignew</subfield>
    <subfield code="d">1</subfield>
    <subfield code="e">ecip</subfield>
    <subfield code="f">20</subfield>
    <subfield code="g">y-gencatlg</subfield>
  </datafield>
  <datafield tag="942" ind1=" " ind2=" ">
    <subfield code="2">ddc</subfield>
    <subfield code="c">BB</subfield>
  </datafield>
  <datafield tag="952" ind1=" " ind2=" ">
    <subfield code="0">0</subfield>
    <subfield code="1">0</subfield>
    <subfield code="2">ddc</subfield>
    <subfield code="4">0</subfield>
    <subfield code="7">0</subfield>
    <subfield code="8">Donation-G</subfield>
    <subfield code="a">MAIN</subfield>
    <subfield code="b">MAIN</subfield>
    <subfield code="c">1ST</subfield>
    <subfield code="d">2021-06-21</subfield>
    <subfield code="e">Donation</subfield>
    <subfield code="l">0</subfield>
    <subfield code="o">618 DEW</subfield>
    <subfield code="p">000050360</subfield>
    <subfield code="r">2023-02-12 00:00:00</subfield>
    <subfield code="w">2021-06-21</subfield>
    <subfield code="y">BB</subfield>
  </datafield>
</record>
